[Event "Wch U10 Girls"]
[Site "Weifang"]
[Date "2019.08.22"]
[Round "2"]
[White "Sneha, Halder"]
[Black "Munkh Oyun, Munkhbat"]
[Result "1-0"]
[WhiteElo "1561"]
[BlackElo "1153"]
[PlyCount "65"]
[EventDate "2019.08.21"]
[EventType "swiss"]
[EventRounds "11"]
[EventCountry "CHN"]
[SourceTitle "EXT 2020"]
[Source "ChessBase"]
[SourceDate "2019.10.17"]
[SourceVersion "1"]
[SourceVersionDate "2019.10.17"]
[SourceQuality "1"]

1. Nf3 Nf6 2. g3 d5 3. Bg2 Bf5 4. 0-0 g6 5. c4 Bg7 6. Qb3 Bc8 7. cxd5 Nxd5 8. Nd4 e6 9. Bxd5 exd5 10. Qe3+ Qe7 11. Nb5 Na6 12. N1c3 Qxe3 13. fxe3 Be6 14. e4 dxe4 15. Nxe4 Bc4 16. Nbd6+ cxd6 17. Nxd6+ Ke7 18. Nxc4 Nb4 19. d3 Rhe8 20. Bf4 Kf8 21. Bd6+ Kg8 22. Bxb4 b5 23. Nd6 Rxe2 24. Bc3 Bxc3 25. bxc3 a6 26. Rae1 Rd2 27. Nxf7 Rxd3 28. Re7 Rxc3 29. Nh6+ Kh8 30. Rff7 Rc1+ 31. Kg2 Rc2+ 32. Kh3 Rc5 33. Rxh7# 1-0